000 00300nam a2200121Ia 4500
008 220204s9999 xx 000 0 und d
082 _a681.31
_bMEH
100 _aBharat
245 0 _aAll about business computer systems
260 _aBombay
_bJaico
_c1978
650 _aBusiness computer
942 _cBK
999 _c33602
_d33602